[Event "V Festival Magistrale"]
[Site "Amantea ITA"]
[Date "1995.09.??"]
[Round "3"]
[White "Pushkov, Nikolai"]
[Black "Sveshnikov, Evgeny E."]
[Result "1/2-1/2"]
[WhiteElo "2515"]
[BlackElo "2580"]
[PlyCount "78"]
[EventDate "1995.09.09"]

1. d4 d5 2. c4 e6 3. Nc3 c6 4. cxd5 exd5 5. Bf4 Qb6 6. Qd2 Nf6 7. f3 Bf5 8. g4
Be6 9. e3 Nbd7 10. Nge2 Qd8 11. Bg2 Nb6 12. b3 Bd6 13. O-O O-O 14. Rad1 Nc8 15.
Qe1 Ne7 16. Qg3 Bb4 17. h4 Ng6 18. Bg5 h6 19. Bxf6 Qxf6 20. h5 Qh4 21. Kf2
Qxg3+ 22. Kxg3 Ne7 23. e4 dxe4 24. fxe4 Rad8 25. Bf3 f6 26. Na4 Bd6+ 27. Kf2 b6
28. Ng3 Bxg3+ 29. Kxg3 Rd6 30. Kf4 Bf7 31. Nc3 Rfd8 32. Ke3 Re8 33. Kf2 Red8
34. Ke3 b5 35. Rf2 a5 36. Rb2 Nc8 37. Ne2 Nb6 38. Rc1 a4 39. Nf4 axb3 1/2-1/2

[Event "V Festival Magistrale"]
[Site "Amantea ITA"]
[Date "1995.09.??"]
[Round "3"]
[White "Smagin, Sergey B."]
[Black "Stone, Andrew M."]
[Result "1-0"]
[WhiteElo "2545"]
[BlackElo "2245"]
[PlyCount "89"]
[EventDate "1995.09.09"]

1. e4 e6 2. d4 d5 3. Nd2 Nf6 4. e5 Nfd7 5. c3 c5 6. f4 Nc6 7. Ngf3 Qb6 8. Nb3
c4 9. Nbd2 Be7 10. Be2 Qc7 11. Nf1 Nb6 12. Ne3 Bd7 13. O-O O-O-O 14. b4 a5 15.
b5 Na7 16. a4 Kb8 17. Qc2 f5 18. Ba3 Nac8 19. Qc1 Bxa3 20. Qxa3 Be8 21. h3 h6
22. g4 g6 23. Bd1 Qe7 24. Qc1 Bf7 25. Ra2 Rdg8 26. Rg2 Be8 27. Kh2 h5 28. gxh5
gxh5 29. Rfg1 Bf7 30. Rg5 Rxg5 31. fxg5 h4 32. Ng2 Bh5 33. Ngxh4 Bxf3 34. Nxf3
Qh7 35. h4 Ne7 36. Rg3 Rf8 37. Rh3 f4 38. h5 Qd3 39. Qd2 Qb1 40. Bc2 Qa1 41. g6
Nxa4 42. Bxa4 Qxa4 43. g7 Rg8 44. h6 Ng6 45. Qg2 1-0

[Event "V Festival Magistrale"]
[Site "Amantea ITA"]
[Date "1995.09.??"]
[Round "4"]
[White "Archangelsky, Mikhail"]
[Black "Mauro, Alan"]
[Result "1-0"]
[WhiteElo "2210"]
[BlackElo "2350"]
[PlyCount "59"]
[EventDate "1995.09.09"]

1. d4 Nf6 2. Nf3 g6 3. g3 Bg7 4. Bg2 O-O 5. O-O d6 6. Nc3 Nc6 7. d5 Na5 8. Qd4
Ng4 9. Qf4 c5 10. h3 Bh6 11. Ng5 f6 12. hxg4 Bxg5 13. Qe4 f5 14. gxf5 Bxf5 15.
Qa4 b5 16. Qxb5 Rb8 17. Qa6 Bxc1 18. Rfxc1 Rxb2 19. e4 Bc8 20. Qxa7 Rb7 21. Qa8
Qc7 22. Rab1 Rb4 23. a3 Bb7 24. Qa7 Rxb1 25. Rxb1 Ra8 26. Qb6 Qxb6 27. Rxb6 Ba6
28. a4 Nc4 29. Rxa6 Rxa6 30. Bf1 1-0

[Event "V Festival Magistrale"]
[Site "Amantea ITA"]
[Date "1995.09.??"]
[Round "4"]
[White "Contin, Daniel"]
[Black "Valenti, Giuseppe"]
[Result "1-0"]
[WhiteElo "2365"]
[BlackElo "2220"]
[PlyCount "81"]
[EventDate "1995.09.09"]

1. c4 b6 2. e4 Bb7 3. Nc3 e6 4. Nf3 c5 5. g3 Nf6 6. Qe2 d6 7. d4 cxd4 8. Nxd4
Be7 9. Bg2 O-O 10. O-O Qc7 11. Be3 Nc6 12. Ndb5 Qb8 13. Rac1 Re8 14. f4 a6 15.
Na3 Bd8 16. g4 Bc7 17. g5 Nd7 18. Qh5 Nf8 19. Rf3 Ne7 20. Rcf1 d5 21. f5 exf5
22. exd5 b5 23. Rh3 b4 24. Ne4 Neg6 25. Rxf5 bxa3 26. Bc5 Rxe4 27. Bxe4 Bc8 28.
Bxa3 Bxf5 29. Bxf5 Bd6 30. c5 Qa7 31. Rc3 Nf4 32. Qf3 g6 33. Kf1 gxf5 34. cxd6
N8g6 35. Rc7 Qd4 36. d7 Rd8 37. Rc8 Qb6 38. Qb3 Qa5 39. Qb4 Qxd5 40. Rxd8+ Kg7
41. Qc3+ 1-0

[Event "V Festival Magistrale"]
[Site "Amantea ITA"]
[Date "1995.09.??"]
[Round "4"]
[White "Corvi, Marco"]
[Black "Forintos, Gyozo Victor"]
[Result "0-1"]
[WhiteElo "2185"]
[BlackElo "2455"]
[PlyCount "62"]
[EventDate "1995.09.09"]

1. e4 c5 2. c4 Nc6 3. Nc3 g6 4. g3 Bg7 5. Bg2 d6 6. Nge2 Rb8 7. d3 Bd7 8. Bg5
Qc8 9. Qd2 Bh3 10. Bxh3 Qxh3 11. Be3 a6 12. d4 cxd4 13. Nxd4 Ne5 14. Qc2 Rc8
15. Qa4+ Qd7 16. Qxd7+ Kxd7 17. Nd5 Nxc4 18. Rc1 e6 19. Rxc4 exd5 20. Rxc8 Kxc8
21. Nf3 Bxb2 22. Ng5 Nf6 23. Nxf7 Rf8 24. Nxd6+ Kc7 25. Bf4 Kc6 26. e5 Ng4 27.
e6 Rxf4 28. e7 Bc3+ 29. Ke2 Rxf2+ 30. Kd3 Rf3+ 31. Kc2 Nf6 0-1

[Event "V Festival Magistrale"]
[Site "Amantea ITA"]
[Date "1995.09.??"]
[Round "4"]
[White "Drasko, Milan"]
[Black "Pushkov, Nikolai"]
[Result "1-0"]
[WhiteElo "2505"]
[BlackElo "2515"]
[PlyCount "85"]
[EventDate "1995.09.09"]

1. d4 d5 2. c4 e6 3. Nc3 Be7 4. cxd5 exd5 5. Bf4 Nf6 6. e3 O-O 7. Bd3 c5 8. Nf3
c4 9. Bc2 Bg4 10. h3 Bh5 11. g4 Bg6 12. Ne5 Bxc2 13. Qxc2 Nc6 14. O-O Rc8 15.
Rad1 a6 16. Qe2 Bb4 17. g5 Ne8 18. Qg4 Bxc3 19. bxc3 Rc7 20. e4 Re7 21. exd5
Qxd5 22. Qg2 Nc7 23. Nxc6 bxc6 24. Qxd5 Nxd5 25. Bd6 Re2 26. Bxf8 Kxf8 27. Rfe1
Rxe1+ 28. Rxe1 Nxc3 29. Kf1 Nb5 30. Rc1 Nd6 31. Rb1 Ke7 32. Rb6 Kd7 33. Rxa6
Nb5 34. Ra4 Nxd4 35. Rxc4 Nf3 36. Rf4 Nxg5 37. h4 Ne6 38. Rxf7+ Kd6 39. a4 Kc5
40. Re7 Kd6 41. Rb7 h6 42. a5 Nc7 43. h5 1-0

[Event "V Festival Magistrale"]
[Site "Amantea ITA"]
[Date "1995.09.??"]
[Round "4"]
[White "Fiore, Mario"]
[Black "Naumkin, Igor"]
[Result "0-1"]
[WhiteElo "2340"]
[BlackElo "2455"]
[PlyCount "82"]
[EventDate "1995.09.09"]

1. e4 e6 2. d4 d5 3. Nc3 Bb4 4. a3 Bxc3+ 5. bxc3 dxe4 6. Qg4 Nf6 7. Qxg7 Rg8 8.
Qh6 c5 9. Ne2 Rg6 10. Qd2 Nbd7 11. g3 b6 12. Bg2 Bb7 13. O-O Qc7 14. a4 a6 15.
Rb1 Rc8 16. a5 b5 17. c4 bxc4 18. Qc3 cxd4 19. Nxd4 Ba8 20. Ba3 Nd5 21. Qe1 f5
22. f3 e3 23. f4 Kf7 24. Bxd5 Bxd5 25. Qxe3 Be4 26. Nf3 Kg8 27. Qc3 Qa7+ 28.
Qd4 Qxd4+ 29. Nxd4 h5 30. Rb2 h4 31. Kf2 c3 32. Rbb1 hxg3+ 33. hxg3 Rh6 34. g4
Rh2+ 35. Ke3 Nf6 36. gxf5 exf5 37. Rg1+ Kf7 38. Nxf5 Bxf5 39. Rb7+ Nd7 40. Kd4
Rxc2 41. Rc1 Rd2+ 0-1

[Event "V Festival Magistrale"]
[Site "Amantea ITA"]
[Date "1995.09.??"]
[Round "5"]
[White "Giorgadze, Giorgi"]
[Black "Smagin, Sergey B."]
[Result "1/2-1/2"]
[WhiteElo "2605"]
[BlackElo "2545"]
[PlyCount "44"]
[EventDate "1995.09.09"]

1. d4 Nf6 2. c4 e6 3. Nc3 Bb4 4. e3 c5 5. Nge2 cxd4 6. exd4 O-O 7. a3 Be7 8.
Nf4 d5 9. Be3 Nc6 10. cxd5 Nxd5 11. Ncxd5 exd5 12. Bd3 Bf6 13. O-O g6 14. Bb1
Qd6 15. Qd2 Ne7 16. Ba2 Be6 17. Rac1 Rac8 18. Ne2 Nf5 19. Bf4 Qe7 20. Be5 Bg5
21. Bf4 Bf6 22. Be5 Bg5 1/2-1/2

[Event "V Festival Magistrale"]
[Site "Amantea ITA"]
[Date "1995.09.??"]
[Round "5"]
[White "Hodgson, Julian M."]
[Black "Zlochevskij, Alexander"]
[Result "1/2-1/2"]
[WhiteElo "2590"]
[BlackElo "2465"]
[PlyCount "53"]
[EventDate "1995.09.09"]

1. c4 Nf6 2. g3 c6 3. Nf3 d5 4. Bg2 Bf5 5. Qb3 Qb6 6. d3 e6 7. Nh4 Bg4 8. h3
Bh5 9. g4 Bg6 10. Be3 Qxb3 11. axb3 Na6 12. Nc3 Nd7 13. Nxg6 hxg6 14. d4 Nb6
15. O-O Nb4 16. c5 Nd7 17. Rfe1 Na6 18. Ra4 Nc7 19. b4 a6 20. Bf4 Rc8 21. e3
Be7 22. Bd6 f5 23. Raa1 Kf7 24. Bh2 Bf6 25. Bd6 Be7 26. Bxe7 Kxe7 27. f4
1/2-1/2

[Event "V Festival Magistrale"]
[Site "Amantea ITA"]
[Date "1995.09.??"]
[Round "5"]
[White "Naumkin, Igor"]
[Black "Stone, Andrew M."]
[Result "1-0"]
[WhiteElo "2455"]
[BlackElo "2245"]
[PlyCount "61"]
[EventDate "1995.09.09"]

1. d4 f5 2. Nf3 Nf6 3. g3 g6 4. Bg2 Bg7 5. O-O O-O 6. c4 d6 7. Nc3 c6 8. d5
cxd5 9. cxd5 Na6 10. Be3 Bd7 11. Qb3 Qa5 12. a3 Nc5 13. Qc2 Nce4 14. Nxe4 Nxe4
15. Ng5 Ba4 16. Qd3 Rfc8 17. Bxe4 Bc2 18. Qxc2 Rxc2 19. Bxc2 Bxb2 20. Ra2 Qc3
21. Rb1 Bxa3 22. Rxb7 a5 23. Ne6 Bc5 24. Bxc5 dxc5 25. Rxe7 Ra6 26. Rg7+ Kh8
27. Rc7 h6 28. Rxc5 Qe1+ 29. Kg2 Qxe2 30. Rc8+ Kh7 31. Rc7+ 1-0

[Event "V Festival Magistrale"]
[Site "Amantea ITA"]
[Date "1995.09.??"]
[Round "5"]
[White "Pushkov, Nikolai"]
[Black "Contin, Daniel"]
[Result "1-0"]
[WhiteElo "2515"]
[BlackElo "2365"]
[PlyCount "51"]
[EventDate "1995.09.09"]

1. Nf3 Nf6 2. c4 c5 3. Nc3 g6 4. e3 Bg7 5. d4 cxd4 6. exd4 d5 7. cxd5 O-O 8.
Bc4 Nbd7 9. O-O Nb6 10. Bb3 Nbxd5 11. h3 b6 12. Re1 Bb7 13. Bg5 h6 14. Bd2 Nxc3
15. Bxc3 Nd5 16. Bd2 Rc8 17. Qe2 e6 18. Ne5 Qd6 19. a3 Rc7 20. Rad1 Rfc8 21.
Qd3 Rf8 22. Ba2 Qe7 23. Qg3 Qd6 24. Bb3 Rd8 25. h4 Nf6 26. Bb4 1-0

[Event "V Festival Magistrale"]
[Site "Amantea ITA"]
[Date "1995.09.??"]
[Round "6"]
[White "Contin, Daniel"]
[Black "Mauro, Alan"]
[Result "1-0"]
[WhiteElo "2365"]
[BlackElo "2350"]
[PlyCount "65"]
[EventDate "1995.09.09"]

1. c4 Nf6 2. Nc3 g6 3. g3 Bg7 4. Bg2 O-O 5. e4 d6 6. d4 e5 7. Nf3 Nc6 8. d5 Ne7
9. O-O Bd7 10. Ne1 Qc8 11. Nd3 Ng4 12. f3 Nh6 13. c5 f5 14. Bg5 Qe8 15. Qb3 b6
16. c6 Bc8 17. Nb5 Qd8 18. Nxe5 Nf7 19. Nxf7 Rxf7 20. Rad1 h6 21. Be3 Ba6 22.
Bh3 Kh7 23. Rfe1 Bxb5 24. Qxb5 a6 25. Qe2 Qh8 26. b3 a5 27. f4 a4 28. Bf2 axb3
29. axb3 Ra3 30. e5 dxe5 31. fxe5 Qa8 32. Qc4 Rf8 33. Bg2 1-0

[Event "V Festival Magistrale"]
[Site "Amantea ITA"]
[Date "1995.09.??"]
[Round "6"]
[White "Howell, James C."]
[Black "Malaniuk, Vladimir P."]
[Result "1/2-1/2"]
[WhiteElo "2525"]
[BlackElo "2580"]
[PlyCount "80"]
[EventDate "1995.09.09"]

1. e4 e5 2. Nf3 Nc6 3. Bb5 a6 4. Ba4 Nf6 5. O-O b5 6. Bb3 Bc5 7. c3 d6 8. a4
Bb7 9. d4 Bb6 10. Re1 h6 11. axb5 axb5 12. Rxa8 Qxa8 13. Na3 O-O 14. Nxb5 exd4
15. Nbxd4 Nxd4 16. Nxd4 Bxe4 17. f3 Bg6 18. Be3 Re8 19. Ba4 Re5 20. Bf2 Rxe1+
21. Bxe1 Nd5 22. Bf2 Nf4 23. Bc2 Bxc2 24. Nxc2 Bxf2+ 25. Kxf2 Qa2 26. g3 Ne6
27. Qc1 c5 28. Qa1 Qd5 29. Qc1 Ng5 30. Ne1 Qb7 31. Qd2 d5 32. Qe2 Ne6 33. Nd3
Qb6 34. Kg2 Qb5 35. Kf2 Qb6 36. Kg2 g5 37. Kf1 Qb3 38. Nc1 Qa4 39. Nd3 c4 40.
Ne5 h5 1/2-1/2

[Event "V Festival Magistrale"]
[Site "Amantea ITA"]
[Date "1995.09.??"]
[Round "6"]
[White "Pushkov, Nikolai"]
[Black "Levitt, Jonathan Paul"]
[Result "1-0"]
[WhiteElo "2515"]
[BlackElo "2420"]
[PlyCount "121"]
[EventDate "1995.09.09"]

1. Nf3 d5 2. d4 c6 3. c4 Nf6 4. Nc3 a6 5. a4 e6 6. Bg5 h6 7. Bxf6 Qxf6 8. e3
Bb4 9. Be2 O-O 10. O-O Nd7 11. a5 Qe7 12. c5 Bxc3 13. bxc3 e5 14. Qb3 Kh8 15.
Rab1 f5 16. Nxe5 Nxe5 17. dxe5 Qxe5 18. Bd3 Rf7 19. Qb4 Be6 20. Qd4 Qc7 21. Rb6
Rd8 22. g3 Bc8 23. Rd1 Qe7 24. Bf1 Kh7 25. Bg2 Rff8 26. Rbb1 Qc7 27. Qb4 Rde8
28. Rd4 Re5 29. Bf3 Qe7 30. Rbd1 Re8 31. Kg2 Be6 32. Qb6 Rf8 33. Rb4 Bc8 34. c4
dxc4 35. Rxc4 Be6 36. Rdc1 Rf7 37. Kg1 g5 38. Rd4 f4 39. exf4 gxf4 40. Rxf4
Rxf4 41. gxf4 Bf5 42. Qb4 Be4 43. Bxe4+ Rxe4 44. Qd2 Qf7 45. Rb1 Rxf4 46. Qd3+
Kh8 47. Qc3+ Kh7 48. Qc2+ Kg8 49. Rb3 Rg4+ 50. Rg3 Rg5 51. Qe4 Qd5 52. Qxd5+
cxd5 53. Kg2 Kf7 54. Rxg5 hxg5 55. f4 g4 56. Kg3 d4 57. Kxg4 Ke6 58. f5+ Ke5
59. f6 d3 60. Kf3 Kxf6 61. Ke3 1-0

[Event "V Festival Magistrale"]
[Site "Amantea ITA"]
[Date "1995.09.??"]
[Round "6"]
[White "Sveshnikov, Evgeny E."]
[Black "Hodgson, Julian M."]
[Result "1/2-1/2"]
[WhiteElo "2580"]
[BlackElo "2590"]
[PlyCount "29"]
[EventDate "1995.09.09"]

1. e4 g6 2. d4 Bg7 3. c3 d6 4. f4 Nf6 5. e5 Nd5 6. Nf3 O-O 7. Be2 c5 8. O-O
cxd4 9. cxd4 Na6 10. Nc3 Nac7 11. Ng5 dxe5 12. dxe5 Nxc3 13. bxc3 Ne6 14. Ne4
Qc7 15. Be3 1/2-1/2

[Event "V Festival Magistrale"]
[Site "Amantea ITA"]
[Date "1995.09.??"]
[Round "7"]
[White "Archangelsky, Mikhail"]
[Black "Fiore, Mario"]
[Result "0-1"]
[WhiteElo "2210"]
[BlackElo "2340"]
[PlyCount "78"]
[EventDate "1995.09.09"]

1. d4 d5 2. c4 c6 3. e3 Nf6 4. Nf3 a6 5. b3 Bg4 6. Be2 e6 7. O-O Nbd7 8. Nbd2
Bd6 9. Bb2 O-O 10. h3 Bxf3 11. Bxf3 Qe7 12. e4 dxe4 13. Nxe4 Nxe4 14. Bxe4 Nf6
15. Bf3 Rad8 16. Qc2 Ba3 17. Bc3 Bb4 18. Rad1 Bxc3 19. Qxc3 Qa3 20. Rd3 Rd7 21.
Rfd1 Rfd8 22. R1d2 h6 23. Qc2 Qb4 24. Qd1 a5 25. Qe2 a4 26. Qe3 axb3 27. axb3
Qa5 28. g3 Qf5 29. Kg2 e5 30. Bg4 Nxg4 31. hxg4 Qg5 32. Qxg5 hxg5 33. d5 cxd5
34. cxd5 g6 35. Kf3 f5 36. gxf5 gxf5 37. Ke3 g4 38. f4 gxf3 39. Kxf3 e4+ 0-1

[Event "V Festival Magistrale"]
[Site "Amantea ITA"]
[Date "1995.09.??"]
[Round "7"]
[White "Levitt, Jonathan Paul"]
[Black "Contin, Daniel"]
[Result "1-0"]
[WhiteElo "2420"]
[BlackElo "2365"]
[PlyCount "75"]
[EventDate "1995.09.09"]

1. d4 Nf6 2. c4 e6 3. Nc3 Bb4 4. e3 c5 5. Nge2 cxd4 6. exd4 d5 7. a3 Bxc3+ 8.
Nxc3 dxc4 9. Bxc4 O-O 10. O-O Nc6 11. Be3 b6 12. Qf3 Bb7 13. Bd3 Qd7 14. Qh3
Nxd4 15. Rad1 Rad8 16. Bxd4 Qxd4 17. Bxh7+ Nxh7 18. Rxd4 Rxd4 19. Rd1 Rxd1+ 20.
Nxd1 Rd8 21. Nc3 Nf6 22. Qg3 Ne4 23. Qc7 Rd2 24. Qb8+ Kh7 25. Qxb7 Nxc3 26. h4
Ne2+ 27. Kh2 Kg8 28. Qa8+ Kh7 29. Qxa7 Rxb2 30. Qxf7 Nd4 31. Qh5+ Kg8 32. Qe5
Rd2 33. Qb8+ Kh7 34. Qxb6 e5 35. Qb1+ Rc2 36. a4 g6 37. Qb7+ Kh6 38. Qb8 1-0

[Event "V Festival Magistrale"]
[Site "Amantea ITA"]
[Date "1995.09.??"]
[Round "7"]
[White "Malaniuk, Vladimir P."]
[Black "Naumkin, Igor"]
[Result "1-0"]
[WhiteElo "2580"]
[BlackElo "2455"]
[PlyCount "49"]
[EventDate "1995.09.09"]

1. d4 e6 2. Nf3 f5 3. g3 Nf6 4. Bg2 Be7 5. O-O O-O 6. c4 d6 7. b3 Qe8 8. Qc2 a5
9. Nc3 Nc6 10. e4 Nb4 11. Qe2 Nxe4 12. Nxe4 fxe4 13. Qxe4 e5 14. dxe5 Bf5 15.
Qxb7 Bd3 16. Re1 Rb8 17. Qxc7 Nc2 18. Bf4 Nxe1 19. Rxe1 Qd8 20. exd6 Bf6 21.
Ne5 Bxe5 22. Bxe5 Qxc7 23. dxc7 Rbe8 24. Bd5+ Kh8 25. Bxg7+ 1-0

[Event "V Festival Magistrale"]
[Site "Amantea ITA"]
[Date "1995.09.??"]
[Round "7"]
[White "Smagin, Sergey B."]
[Black "Pushkov, Nikolai"]
[Result "1/2-1/2"]
[WhiteElo "2545"]
[BlackElo "2515"]
[PlyCount "88"]
[EventDate "1995.09.09"]

1. e4 e6 2. d4 d5 3. Nd2 dxe4 4. Nxe4 Nd7 5. c4 Ngf6 6. Nc3 Bb4 7. Nf3 c5 8.
Qc2 cxd4 9. Nxd4 Nc5 10. Nb3 Nfe4 11. Be2 Qf6 12. O-O Nxc3 13. bxc3 Nxb3 14.
axb3 Bxc3 15. Bg5 Qxg5 16. Qxc3 O-O 17. Rfd1 Qc5 18. Bf3 a5 19. Rd2 Ra6 20. h4
f6 21. h5 Qc7 22. Rad1 e5 23. c5 Bf5 24. Qc4+ Be6 25. Qb5 Ra7 26. Rd6 Bc8 27.
h6 gxh6 28. Bd5+ Kg7 29. Bc4 Kg6 30. c6 bxc6 31. Qxe5 h5 32. Qg3+ Kh6 33. R1d3
Bg4 34. Qf4+ Kg7 35. Rg3 a4 36. bxa4 Rxa4 37. Rgd3 Qa5 38. Rxc6 Qe5 39. Rc7+
Kg6 40. Qxe5 fxe5 41. f3 Bf5 42. Rd5 e4 43. Rcc5 exf3 44. gxf3 Rf6 1/2-1/2

[Event "V Festival Magistrale"]
[Site "Amantea ITA"]
[Date "1995.09.??"]
[Round "8"]
[White "Hodgson, Julian M."]
[Black "Smagin, Sergey B."]
[Result "1-0"]
[WhiteElo "2590"]
[BlackElo "2545"]
[PlyCount "111"]
[EventDate "1995.09.09"]

1. Nf3 d5 2. g3 c6 3. c4 dxc4 4. Bg2 Nd7 5. O-O Ngf6 6. Qc2 e5 7. Qxc4 Bd6 8.
Qc2 O-O 9. d4 Re8 10. Nc3 Qe7 11. Rd1 h6 12. Nh4 Nb6 13. dxe5 Bxe5 14. Re1 Nbd5
15. Nf3 Bxc3 16. bxc3 Ne4 17. c4 Qc5 18. e3 Nb6 19. Nd4 Nd6 20. Bf1 Nbxc4 21.
Rb1 b5 22. Bd2 a5 23. a4 Ne4 24. Bc1 Bd7 25. Rd1 Ned6 26. Rb3 Rac8 27. Ba3 b4
28. Bc1 Qd5 29. f3 Ne5 30. e4 c5 31. exd5 cxd4 32. Qa2 Rc3 33. Rxc3 dxc3 34.
Kf2 Rc8 35. Re1 f6 36. Bf4 c2 37. Bd2 Bf5 38. Qb2 Ndc4 39. Qd4 Nxd2 40. Qxd2 b3
41. Qc1 Rc3 42. Be2 Rxf3+ 43. Kg2 Rd3 44. g4 Be4+ 45. Kf1 Nc4 46. d6 b2 47.
Qxb2 Nxb2 48. Bxd3 Bxd3+ 49. Kg1 Kf7 50. d7 c1=Q 51. d8=N+ Kg6 52. Rxc1 Nxa4
53. Ne6 Nb2 54. Rc7 f5 55. Rb7 Kf6 56. Nc5 1-0

[Event "V Festival Magistrale"]
[Site "Amantea ITA"]
[Date "1995.09.??"]
[Round "9"]
[White "Levitt, Jonathan Paul"]
[Black "Hodgson, Julian M."]
[Result "0-1"]
[WhiteElo "2420"]
[BlackElo "2590"]
[PlyCount "104"]
[EventDate "1995.09.09"]

1. d4 Nf6 2. c4 c5 3. d5 b5 4. cxb5 a6 5. f3 axb5 6. e4 Qa5+ 7. Bd2 b4 8. Bg5
Ba6 9. e5 Bxf1 10. Kxf1 Qa6+ 11. Kf2 Ng8 12. f4 f6 13. Bh4 fxe5 14. fxe5 Nh6
15. h3 Nf5 16. Nf3 c4 17. Kg1 Nxh4 18. Nxh4 g6 19. Qd4 Bh6 20. Nd2 O-O 21. Nhf3
c3 22. bxc3 bxc3 23. Qxc3 Qb6+ 24. Kf1 Qb5+ 25. Kg1 Qxd5 26. Qc4 Ra5 27. Re1
Qxc4 28. Nxc4 Rxa2 29. h4 Rf4 30. Ne3 Re4 31. Nc2 Rg4 32. Re2 Rc4 33. Nfe1 Nc6
34. h5 Bf4 35. hxg6 hxg6 36. e6 d5 37. Kf2 Bd6 38. g3 Rc3 39. Rh3 Ne5 40. Nd4
Ng4+ 41. Kg2 Rxe2+ 42. Nxe2 Re3 43. Kf1 Rxe6 44. Nc2 Rf6+ 45. Ke1 Bc7 46. Kd2
Nf2 47. Rh4 Ne4+ 48. Rxe4 dxe4 49. Ke3 Bxg3 50. Nb4 Bd6 51. Nd5 Rf5 52. Nec3 e6
0-1

[Event "V Festival Magistrale"]
[Site "Amantea ITA"]
[Date "1995.09.??"]
[Round "9"]
[White "Smagin, Sergey B."]
[Black "Sveshnikov, Evgeny E."]
[Result "1-0"]
[WhiteElo "2545"]
[BlackElo "2580"]
[PlyCount "57"]
[EventDate "1995.09.09"]

1. e4 c5 2. c3 d5 3. exd5 Nf6 4. Bb5+ Nbd7 5. c4 a6 6. Bxd7+ Bxd7 7. Nf3 e6 8.
Qe2 Be7 9. dxe6 Bxe6 10. O-O Bf5 11. Re1 Bd3 12. Qe5 Kf8 13. Nc3 Bd6 14. Qe3
Bxc4 15. d4 Qb6 16. Ne5 Bb5 17. Qf3 Bxe5 18. dxe5 Bc6 19. Qf5 Re8 20. Bf4 Nd5
21. e6 Nf6 22. Bh6 Qd8 23. Qxc5+ Qe7 24. Bxg7+ Kxg7 25. Qg5+ Kf8 26. Qh6+ Kg8
27. Re5 Ne4 28. Nxe4 Bxe4 29. Rxe4 1-0

[Event "XXXVII Festival A"]
[Site "Imperia ITA"]
[Date "1995.09.??"]
[Round "?"]
[White "Arlandi, Ennio"]
[Black "Adzic, Slobodan"]
[WhiteElo "2455"]
[BlackElo "2280"]
[Result "1-0"]
[PlyCount "64"]
[EventDate "1995.09.02"]

1. d4 d6 2. Nf3 g6 3. c4 Bg7 4. Nc3 Nc6 5. d5 Ne5 6. e4 Bg4 7. Be2 Bxf3 8. gxf3
Nf6 9. f4 Ned7 10. Be3 c5 11. Qd2 O-O 12. h4 h5 13. f3 a6 14. Bd3 Qa5 15. Ke2
Rab8 16. a4 Ne8 17. Qc2 Nc7 18. Bd2 Qb6 19. Rhg1 e6 20. a5 Qa7 21. e5 exd5 22.
cxd5 dxe5 23. f5 c4 24. Be4 Nb5 25. Nxb5 axb5 26. fxg6 f6 27. Be3 Qa6 28. Bf5
Rfd8 29. Be6+ Kf8 30. Qf5 Qd6 31. Qxh5 f5 32. Qxf5+ Nf6 1-0

[Event "XXXVII Festival A"]
[Site "Imperia ITA"]
[Date "1995.09.??"]
[Round "?"]
[White "De Santis, Alessio"]
[Black "Cappello, Guido"]
[WhiteElo "2260"]
[BlackElo "2235"]
[Result "1/2-1/2"]
[PlyCount "69"]
[EventDate "1995.09.02"]

1. d4 d5 2. Nf3 c6 3. e3 Bf5 4. Bd3 Bxd3 5. Qxd3 Nf6 6. O-O Nbd7 7. Nbd2 e6 8.
b3 Qa5 9. c4 Ba3 10. e4 dxe4 11. Nxe4 Nxe4 12. Qxe4 Bxc1 13. Raxc1 O-O 14. Qc2
Rad8 15. b4 Qh5 16. Rfe1 a5 17. a3 axb4 18. axb4 Ra8 19. h3 Ra3 20. Ra1 Rxf3
21. gxf3 Qxh3 22. Qe4 Nf6 23. Qf4 b5 24. Ra6 bxc4 25. Rxc6 Nd5 26. Qg3 Qh6 27.
Rxc4 Qd2 28. Qe5 Qd3 29. Rec1 Qxf3 30. Rc8 Qg4+ 31. Kf1 f6 32. Qd6 Qh3+ 33. Ke1
Qh1+ 34. Kd2 Qh6+ 35. Ke1 1/2-1/2

[Event "XXXVII Festival A"]
[Site "Imperia ITA"]
[Date "1995.09.??"]
[Round "?"]
[White "Dorighet, Claudio"]
[Black "De Bortoli, Peter"]
[WhiteElo "1714"]
[BlackElo "1771"]
[Result "0-1"]
[PlyCount "106"]
[EventDate "1995.09.02"]

1. c4 e5 2. Nc3 Nf6 3. g3 c6 4. Bg2 d6 5. d3 Be7 6. Nf3 O-O 7. O-O h6 8. Rb1
Be6 9. b4 Nbd7 10. b5 d5 11. cxd5 cxd5 12. d4 e4 13. Nd2 Qa5 14. Qb3 Nb6 15.
Bb2 Rac8 16. Rbc1 Rc7 17. Ncb1 Rfc8 18. Rxc7 Rxc7 19. Rc1 Rxc1+ 20. Bxc1 Bd7
21. Nc3 Bb4 22. Ndb1 Be6 23. a3 Bf8 24. Bd2 Nbd7 25. Na4 Qc7 26. e3 Nb6 27. Bf1
h5 28. Nxb6 axb6 29. Qc3 Qd7 30. a4 Bh3 31. Be2 Bg4 32. Bf1 h4 33. a5 hxg3 34.
hxg3 bxa5 35. Qxa5 Qf5 36. Qc7 Bh3 37. Be2 Ng4 38. Qf4 Qh5 39. f3 Bg2 40. fxg4
Qh1+ 41. Kf2 Qxb1 42. Kxg2 Qc2 43. Kf2 Qxd2 44. Qb8 g6 45. Qxb7 Bh6 46. Qc8+
Kg7 47. b6 Bxe3+ 48. Kf1 Qxd4 49. Qc2 Qf6+ 50. Kg2 Qf2+ 51. Kh3 Qg1 52. Ba6 Bf2
53. Qb2+ f6 0-1

[Event "XXXVII Festival A"]
[Site "Imperia ITA"]
[Date "1995.09.??"]
[Round "?"]
[White "Patelli, Alessandro"]
[Black "Ankerst, Mihael"]
[WhiteElo "2205"]
[BlackElo "2310"]
[Result "1-0"]
[PlyCount "91"]
[EventDate "1995.09.02"]

1. d4 Nf6 2. c4 g6 3. Nc3 Bg7 4. e4 d6 5. Be2 O-O 6. Nf3 Na6 7. Bg5 h6 8. Bh4
e5 9. d5 Qe8 10. Nd2 Nh7 11. O-O f5 12. f3 Nf6 13. a3 Nh5 14. exf5 gxf5 15. g3
Bd7 16. Kh1 Kh8 17. f4 Nf6 18. Bxf6 Bxf6 19. Bh5 Qe7 20. Bg6 Nc5 21. Qh5 Bg7
22. fxe5 dxe5 23. Bxf5 Rxf5 24. Rxf5 Bxf5 25. Qxf5 e4 26. Ncxe4 Rf8 27. Qg4 Nd3
28. Kg2 Nxb2 29. Rf1 Rxf1 30. Kxf1 Qxa3 31. Kg2 Qf8 32. c5 Nd3 33. d6 cxd6 34.
cxd6 Ne5 35. Qe6 Qd8 36. Nf3 Nd7 37. Nh4 Nf8 38. Qe7 Qc8 39. Qc7 Qe6 40. Qe7
Qc8 41. Nf6 Qc3 42. d7 Qc2+ 43. Kh3 Nxd7 44. Nxd7 a5 45. Qf7 h5 46. Ng6+ 1-0

[Event "VII Festival Magistrale"]
[Site "Porto San Giorgio ITA"]
[Date "1995.08.??"]
[Round "1"]
[White "Bonugli, Carlo"]
[Black "Sebastianelli, Diego"]
[Result "0-1"]
[WhiteElo "2100"]
[BlackElo "2360"]
[PlyCount "86"]
[EventDate "1995.08.21"]

1. e4 c5 2. Nc3 e6 3. g3 Nc6 4. Bg2 g6 5. d3 Bg7 6. f4 d6 7. Nf3 Nge7 8. O-O
O-O 9. Be3 Nd4 10. Rb1 Qa5 11. a3 Nec6 12. Ne2 Nxf3+ 13. Bxf3 Nd4 14. Bg2 Qa4
15. Nxd4 cxd4 16. Bd2 Qa6 17. f5 exf5 18. exf5 Bxf5 19. Rxf5 gxf5 20. Qh5 d5
21. Qxf5 Qe6 22. Qxd5 Rac8 23. Rc1 Qe2 24. Qg5 Rxc2 25. Rxc2 Qd1+ 26. Be1 Qxc2
27. Be4 Qd1 28. Kf2 f5 29. Bd5+ Kh8 30. Qd2 Qxd2+ 31. Bxd2 Rc8 32. Bb3 Be5 33.
Kf3 Kg7 34. h4 Rc6 35. Ba4 Rb6 36. Bc1 Rg6 37. Bf4 Bxf4 38. Kxf4 Kf6 39. Bd1
Rg7 40. Bf3 Re7 41. g4 fxg4 42. Bxg4 Re3 43. Bf5 h5 0-1

[Event "VII Festival Magistrale"]
[Site "Porto San Giorgio ITA"]
[Date "1995.08.??"]
[Round "1"]
[White "Ceresoli, Luigi"]
[Black "Negrini, Claudio"]
[Result "0-1"]
[WhiteElo "2103"]
[BlackElo "2315"]
[PlyCount "46"]
[EventDate "1995.08.21"]

1. e4 e5 2. Nf3 f5 3. Nxe5 Qf6 4. d4 d6 5. Nc4 fxe4 6. Ne3 Nc6 7. c3 Qg6 8. Be2
Nf6 9. O-O Bd7 10. Nd2 Be7 11. f3 d5 12. fxe4 dxe4 13. Ndc4 O-O-O 14. b4 Bd6
15. b5 Ne7 16. Nxd6+ cxd6 17. Qa4 Kb8 18. Ba3 Nfd5 19. Nxd5 Nxd5 20. Qb3 Bh3
21. Rf2 e3 22. Qxd5 exf2+ 23. Kxf2 Rhf8+ 0-1

[Event "VII Festival Magistrale"]
[Site "Porto San Giorgio ITA"]
[Date "1995.08.??"]
[Round "1"]
[White "Godena, Michele"]
[Black "Astengo, Marcello"]
[Result "1/2-1/2"]
[WhiteElo "2420"]
[BlackElo "2110"]
[PlyCount "47"]
[EventDate "1995.08.21"]

1. e4 e6 2. d4 d5 3. Nc3 Bb4 4. exd5 exd5 5. Bd3 Nf6 6. Bg5 c6 7. Nge2 Bg4 8.
O-O O-O 9. f3 Bh5 10. Nf4 Bg6 11. Nxg6 fxg6 12. Ne2 Nbd7 13. c3 Bd6 14. Qe1 Qc7
15. Qh4 h6 16. Bd2 Rfe8 17. Rae1 Kf7 18. Bc2 Re7 19. Nc1 Rae8 20. Rxe7+ Rxe7
21. g3 Qb6 22. Nd3 Ne5 23. Nxe5+ Rxe5 24. Qh3 1/2-1/2